[Event "Ports Lge"]
[Site "?"]
[Date "1974.??.??"]
[Round "?"]
[White "Brameld, Arthur F"]
[Black "Williams, Anthony"]
[Result "1/2-1/2"]
[WhiteElo "2045"]
[BlackElo "1680"]
[PlyCount "44"]
[EventDate "1974.??.??"]
[EventType "swiss"]

1. e4 g6 2. d4 Bg7 3. Nc3 d6 4. f4 c5 5. d5 Nd7 6. Nf3 Ngf6 7. e5 dxe5 8. fxe5 Ng4 9. e6 fxe6 10. dxe6 Nde5 11. Bb5+ Nc6 12. Bxc6+ bxc6 13. Qe2 O-O 14. h3 Nf6 15. O-O Qd6 16. Re1 Nd5 17. Bd2 Nxc3 18. Bxc3 Bxc3 19. bxc3 Rf6 20. Rad1 Qc7 21. Qc4 Rxf3 22. gxf3 Qg3+ 1/2-1/2

[Event "FareCh"]
[Site "?"]
[Date "1974.??.??"]
[Round "?"]
[White "Johnson, Fred"]
[Black "Brameld, Arthur F"]
[Result "0-1"]
[WhiteElo "1805"]
[BlackElo "2045"]
[PlyCount "78"]
[EventDate "1974.??.??"]
[EventType "swiss"]

1. e4 Nf6 2. Nc3 d5 3. e5 d4 4. exf6 dxc3 5. fxg7 cxd2+ 6. Bxd2 Bxg7 7. c3 Nc6 8. Nf3 Qd5 9. Qa4 Bf5 10. O-O-O O-O 11. Be3 Qe4 12. Qxe4 Bxe4 13. Ng5 Bf5 14. Rg1 Rad8 15. Rxd8 Rxd8 16. Bc4 Ne5 17. Be2 Bh6 18. g4 Bd3 19. Bxd3 Rxd3 20. Kc2 Rxe3 21. fxe3 Bxg5 22. h3 Bxe3 23. Re1 Bf4 24. Re4 Ng6 25. Rb4 b6 26. Kb3 Bd6 27. Rd4 e5 28. Re4 Kg7 29. Kc4 a6 30. b4 b5+ 31. Kb3 Nf4 32. h4 Nd5 33. c4 Nf6 34. cxb5 Nxe4 35. bxa6 Nc5+ 36. bxc5 Bxc5 37. Kc4 Bb6 38. a4 e4 39. a5 Ba7 0-1

[Event "Hants Lge"]
[Site "?"]
[Date "1974.??.??"]
[Round "?"]
[White "Brameld, Arthur F"]
[Black "Cowley, M."]
[Result "1-0"]
[WhiteElo "2045"]
[BlackElo "1660"]
[PlyCount "81"]
[EventDate "1974.??.??"]
[EventType "simul"]
[EventRounds "5"]

1. e4 e5 2. Nf3 Nc6 3. d4 exd4 4. c3 Nf6 5. e5 Ne4 6. cxd4 Bb4+ 7. Bd2 Nxd2 8. Nbxd2 d5 9. a3 Be7 10. Bd3 Be6 11. Rc1 a6 12. O-O O-O 13. Qb3 Rb8 14. Qc2 h6 15. b4 Rc8 16. Nb3 Nb8 17. Nc5 Bxc5 18. bxc5 Nc6 19. Rb1 Rb8 20. Qc3 Qe8 21. Rb2 Ne7 22. Rfb1 Qc6 23. Qc2 Bd7 24. Qe2 Bf5 25. Bxf5 Nxf5 26. Qd3 Ne7 27. Rb3 Ng6 28. g3 Rfe8 29. R1b2 b5 30. cxb6 Rxb6 31. Rxb6 cxb6 32. Rc2 Qb7 33. Qc3 Re6 34. Ne1 Ne7 35. Qc7 Qxc7 36. Rxc7 b5 37. f4 f5 38. Nd3 Nc6 39. Nc5 Rg6 40. e6 Nxd4 41. Rc8+ 1-0

[Event "Ports Lge"]
[Site "?"]
[Date "1974.??.??"]
[Round "?"]
[White "Davies, Harold"]
[Black "Brameld, Arthur F"]
[Result "1/2-1/2"]
[WhiteElo "1925"]
[BlackElo "2045"]
[PlyCount "61"]
[EventDate "1974.??.??"]
[EventType "swiss"]

1. c4 Nf6 2. Nc3 c5 3. g3 d5 4. cxd5 Nxd5 5. Bg2 Nxc3 6. bxc3 Qc7 7. Nf3 Nc6 8. O-O g6 9. Bb2 Bg7 10. d4 O-O 11. Re1 Rd8 12. Qc2 Bg4 13. e3 e5 14. Nd2 exd4 15. cxd4 cxd4 16. exd4 Bxd4 17. Ne4 Bf5 18. Bxd4 Rxd4 19. Qc3 Bxe4 20. Bxe4 Qd6 21. Rac1 Rc8 22. Kg2 Qb4 23. Qxb4 Rxb4 24. Rb1 Re8 25. f3 Rxb1 26. Rxb1 Rd8 27. Rxb7 Rd2+ 28. Kh3 Ne5 29. Rxa7 f5 30. Bb7 Rd7 31. Ra5 1/2-1/2

[Event "Hants Lge"]
[Site "?"]
[Date "1974.??.??"]
[Round "?"]
[White "Bruges, W."]
[Black "Brameld, Arthur F"]
[Result "0-1"]
[WhiteElo "1805"]
[BlackElo "2045"]
[PlyCount "68"]
[EventDate "1974.??.??"]
[EventType "simul"]
[EventRounds "5"]

1. e4 Nf6 2. e5 Nd5 3. d4 d6 4. f4 Bf5 5. Nf3 e6 6. c4 Nb4 7. Na3 dxe5 8. fxe5 Be7 9. Bd2 O-O 10. Be2 Nd3+ 11. Bxd3 Bxd3 12. Bc3 Be4 13. O-O c5 14. Qe2 Bxf3 15. Qxf3 cxd4 16. Rad1 Nc6 17. Qe4 Bc5 18. Kh1 Qg5 19. Bd2 Qxe5 20. Qg4 f5 21. Qh5 g6 22. Qh3 Rf7 23. Bf4 Qf6 24. Qg3 e5 25. Bg5 Qe6 26. h4 f4 27. Qb3 Qg4 28. Rd3 e4 29. Rh3 f3 30. Qc2 Raf8 31. Rg1 d3 32. Qd2 Bxg1 33. Kxg1 f2+ 34. Kf1 Qe2+ 0-1

[Event "Hants Lge"]
[Site "?"]
[Date "1974.??.??"]
[Round "?"]
[White "Brameld, Arthur F"]
[Black "Read, S."]
[Result "1-0"]
[WhiteElo "2045"]
[BlackElo "1760"]
[PlyCount "77"]
[EventDate "1974.??.??"]
[EventType "simul"]
[EventRounds "5"]

1. e4 g6 2. d4 Bg7 3. Nc3 d6 4. f4 c6 5. Nf3 Bg4 6. Be2 Nd7 7. h3 Bxf3 8. Bxf3 e6 9. O-O Ne7 10. Be3 O-O 11. Qd2 Rb8 12. Rae1 Re8 13. g4 b5 14. Bg2 Nb6 15. b3 Qd7 16. f5 exf5 17. gxf5 gxf5 18. exf5 Nxf5 19. Bxc6 Qxc6 20. Rxf5 Rbc8 21. Nxb5 Qxc2 22. Rf2 Qxd2 23. Rxd2 Rcd8 24. Nxa7 Nd5 25. Bf2 Rxe1+ 26. Bxe1 Nf4 27. Kh2 d5 28. Nc6 Re8 29. Bg3 Re4 30. Bxf4 Rxf4 31. b4 Bf8 32. b5 Bd6 33. Kg2 Re4 34. b6 Re8 35. a4 Ra8 36. a5 Kf8 37. Re2 Ra6 38. Kf3 Bc7 39. Nb4 1-0

[Event "Ports Lge"]
[Site "?"]
[Date "1974.??.??"]
[Round "?"]
[White "Le Fevre, A."]
[Black "Brameld, Arthur F"]
[Result "0-1"]
[WhiteElo "2045"]
[BlackElo "2045"]
[PlyCount "86"]
[EventDate "1974.??.??"]
[EventType "swiss"]

1. e4 Nf6 2. e5 Nd5 3. Nc3 Nxc3 4. dxc3 d5 5. f4 c5 6. Nf3 Nc6 7. Be3 e6 8. Qd2 Be7 9. O-O-O Qa5 10. Kb1 b5 11. f5 Rb8 12. f6 gxf6 13. exf6 Bxf6 14. Bg5 Bg7 15. Bh6 Bxh6 16. Qxh6 Rb6 17. Qf6 Rf8 18. Be2 b4 19. Nd2 c4 20. Bxc4 bxc3 21. Nb3 Qb4 22. Bd3 cxb2 23. Rhe1 a5 24. Bxh7 a4 25. Nd4 Nxd4 26. Qxd4 Qxd4 27. Rxd4 Rh8 28. Bf5 Rxh2 29. Bh3 a3 30. Ra4 Ra6 31. Rh4 Bd7 32. Rh5 Kf8 33. Rf1 Bb5 34. Re1 Ba4 35. Rh8+ Kg7 36. Rh4 e5 37. Rg4+ Kf8 38. Rb4 e4 39. Rd4 Ra5 40. Rf1 Ke7 41. c4 Rc5 42. Rxd5 Rxd5 43. cxd5 Bb5 0-1

[Event "Ports Lge"]
[Site "?"]
[Date "1974.??.??"]
[Round "?"]
[White "Lambert, Glen"]
[Black "Brameld, Arthur F"]
[Result "1/2-1/2"]
[WhiteElo "2160"]
[BlackElo "2045"]
[PlyCount "40"]
[EventDate "1974.??.??"]
[EventType "swiss"]

1. d4 d5 2. c4 Nc6 3. Nc3 dxc4 4. Nf3 Nf6 5. e4 Bg4 6. Bxc4 e6 7. Bb5 Bb4 8. Qa4 O-O 9. Bxc6 Bxc3+ 10. bxc3 bxc6 11. Qxc6 Qd6 12. Qxd6 cxd6 13. Ng1 d5 14. f3 Bh5 15. e5 Nd7 16. Ne2 Bg6 17. Nf4 Bf5 18. g4 Bc2 19. h4 Rab8 20. Rh2 Ba4 1/2-1/2

[Event "FareCh"]
[Site "?"]
[Date "1974.??.??"]
[Round "?"]
[White "Brameld, Arthur F"]
[Black "Goddard, David C"]
[Result "1-0"]
[WhiteElo "2045"]
[BlackElo "1605"]
[PlyCount "61"]
[EventDate "1974.??.??"]
[EventType "swiss"]

1. e4 c5 2. c3 d5 3. exd5 Qxd5 4. d4 e6 5. Nf3 Nc6 6. Be2 Nf6 7. O-O Be7 8. dxc5 Bxc5 9. Qxd5 exd5 10. b4 Bd6 11. b5 Ne5 12. Nxe5 Bxe5 13. Ba3 Be6 14. f4 Bc7 15. f5 Bb6+ 16. Kh1 Bd7 17. Nd2 O-O-O 18. c4 Rhe8 19. Bf3 Be3 20. Rfd1 Bxf5 21. cxd5 Ng4 22. Bxg4 Bxg4 23. Nf3 Bf4 24. d6 Re2 25. Rd4 Bxf3 26. Rxf4 Bd5 27. Rd4 Bxa2 28. Rc1+ Kb8 29. d7 Be6 30. Bd6+ Ka8 31. Be7 1-0

[Event "FareCh"]
[Site "?"]
[Date "1974.??.??"]
[Round "?"]
[White "Brameld, Arthur F"]
[Black "Silber, Warwick"]
[Result "1-0"]
[WhiteElo "2045"]
[BlackElo "1845"]
[PlyCount "37"]
[EventDate "1974.??.??"]
[EventType "swiss"]

1. e4 e5 2. Nf3 Nc6 3. Bb5 Nge7 4. O-O d6 5. c3 Bg4 6. d4 a6 7. Ba4 b5 8. Bb3 Bh5 9. Nxe5 Nxe5 10. Qxh5 g6 11. Qe2 Nd7 12. Qf3 f6 13. e5 dxe5 14. dxe5 Nf5 15. Re1 Nxe5 16. Rxe5+ fxe5 17. Qc6+ Qd7 18. Qxa8+ Qd8 19. Bf7+ 1-0

[Event "Hants Lge"]
[Site "?"]
[Date "1975.??.??"]
[Round "?"]
[White "Hollington, Terry"]
[Black "Brameld, Arthur F"]
[Result "0-1"]
[WhiteElo "1880"]
[BlackElo "2045"]
[PlyCount "38"]
[EventDate "1975.??.??"]
[EventType "simul"]
[EventRounds "5"]

1. e4 Nf6 2. e5 Nd5 3. c4 Nb6 4. d4 d6 5. f4 g5 6. exd6 Qxd6 7. c5 Qe6+ 8. Be2 Nd5 9. Nh3 gxf4 10. Nxf4 Nxf4 11. Bxf4 Qe4 12. O-O Bg7 13. Bxc7 Qxd4+ 14. Kh1 O-O 15. Nd2 Be6 16. Qc2 Rc8 17. Bxb8 Rxc5 18. Nf3 Rxc2 19. Nxd4 Bxd4 0-1

[Event "Ports Lge"]
[Site "?"]
[Date "1975.??.??"]
[Round "?"]
[White "Brameld, Arthur F"]
[Black "Lambert, Glen"]
[Result "1/2-1/2"]
[WhiteElo "2045"]
[BlackElo "2160"]
[PlyCount "37"]
[EventDate "1975.??.??"]
[EventType "swiss"]

1. e4 d6 2. d4 Nf6 3. Nc3 g6 4. f4 Bg7 5. Nf3 c5 6. dxc5 Qa5 7. Bd3 Qxc5 8. Qe2 Bg4 9. Be3 Qa5 10. O-O O-O 11. h3 Bxf3 12. Rxf3 Nc6 13. Qf2 Nd7 14. Nd1 Rac8 15. Bd2 Qd8 16. Bc3 Qb6 17. Bxg7 Qxf2+ 18. Rxf2 Kxg7 19. Ne3 1/2-1/2

[Event "Ports Lge"]
[Site "?"]
[Date "1975.??.??"]
[Round "?"]
[White "Gibson, Dave"]
[Black "Brameld, Arthur F"]
[Result "0-1"]
[WhiteElo "2040"]
[BlackElo "2045"]
[PlyCount "64"]
[EventDate "1975.??.??"]
[EventType "swiss"]

1. e4 Nf6 2. e5 Nd5 3. d4 d6 4. c4 Nb6 5. exd6 cxd6 6. d5 e5 7. Nc3 g6 8. Nf3 f5 9. Be2 Bg7 10. O-O O-O 11. b3 e4 12. Nd4 Qf6 13. Ncb5 a6 14. Nc7 Qxd4 15. Be3 Qxd1 16. Raxd1 N8d7 17. Nxa8 Nxa8 18. b4 b6 19. f4 Bb7 20. g4 Nc7 21. a4 Kh8 22. g5 b5 23. axb5 axb5 24. Rd2 Bc3 25. Bd4+ Bxd4+ 26. Rxd4 bxc4 27. Bxc4 Nb6 28. Rc1 Ncxd5 29. Bxd5 Nxd5 30. Rcd1 Nc3 31. R1d2 d5 32. Kf2 Nb5 0-1

[Event "IntLge"]
[Site "?"]
[Date "1975.??.??"]
[Round "?"]
[White "Thompson, Marshall"]
[Black "Brameld, Arthur F"]
[Result "1/2-1/2"]
[WhiteElo "2175"]
[BlackElo "2045"]
[PlyCount "92"]
[EventDate "1975.??.??"]
[EventType "game"]

1. e4 Nf6 2. e5 Nd5 3. c4 Nb6 4. d4 d6 5. f4 g5 6. Nf3 g4 7. Ng5 h6 8. Ne4 f5 9. exf6 exf6 10. Bd3 f5 11. Ng3 Qf6 12. Qe2+ Kf7 13. O-O h5 14. Re1 Bd7 15. Nc3 Nc6 16. d5 Re8 17. Be3 Nd4 18. Qf2 Bg7 19. Nge2 Nxe2+ 20. Rxe2 h4 21. Qe1 Re7 22. Bxb6 Rxe2 23. Qxe2 axb6 24. Rd1 Re8 25. Qf2 Qd4 26. Qxd4 Bxd4+ 27. Kf1 Bxc3 28. bxc3 Ra8 29. Rd2 Ra3 30. Rc2 Kf6 31. Ke2 Ba4 32. Rb2 Rxc3 33. Kd2 Ra3 34. Ke3 Bd7 35. Kd4 Ra8 36. Re2 Re8 37. Rxe8 Bxe8 38. g3 h3 39. Be2 Bd7 40. Bd3 Ba4 41. a3 c5+ 42. Kc3 Bd1 43. Kd2 Bf3 44. a4 Kg6 45. Bc2 Bg2 46. Ke2 Kf6 1/2-1/2

[Event "Ports Lge"]
[Site "?"]
[Date "1975.??.??"]
[Round "?"]
[White "Williams, P."]
[Black "Brameld, Arthur F"]
[Result "1-0"]
[WhiteElo "1960"]
[BlackElo "2045"]
[PlyCount "64"]
[EventDate "1975.??.??"]
[EventType "swiss"]

1. e4 Nf6 2. e5 Nd5 3. Nc3 Nxc3 4. dxc3 d5 5. Be3 e6 6. Ne2 c5 7. f4 Nc6 8. Nc1 d4 9. cxd4 cxd4 10. Bd2 Qd5 11. Nd3 Be7 12. Qg4 g5 13. Be2 h5 14. Qf3 Qxf3 15. gxf3 gxf4 16. Bxf4 Nb4 17. Nxb4 Bxb4+ 18. Bd2 Bxd2+ 19. Kxd2 Bd7 20. Rhg1 Ke7 21. h4 Rag8 22. f4 Rg6 23. Rg5 Rxg5 24. fxg5 Bc6 25. Rf1 Be4 26. Rf4 Bg6 27. Rxd4 Rc8 28. Bd3 Bxd3 29. cxd3 Rc5 30. Rc4 b6 31. Rxc5 bxc5 32. Kc3 Kd7 1-0

[Event "Ports Lge"]
[Site "?"]
[Date "1975.??.??"]
[Round "?"]
[White "Brameld, Arthur F"]
[Black "Hollington, Terry"]
[Result "1-0"]
[WhiteElo "2045"]
[BlackElo "1880"]
[PlyCount "21"]
[EventDate "1975.??.??"]
[EventType "swiss"]

1. e4 d5 2. exd5 Nf6 3. c4 c6 4. d4 cxd5 5. Nc3 dxc4 6. Bxc4 e5 7. Qb3 Qe7 8. dxe5 Qxe5+ 9. Be3 Qc7 10. O-O-O a6 11. Bxf7+ 1-0

[Event "Hants Lge"]
[Site "?"]
[Date "1975.??.??"]
[Round "?"]
[White "Read, J."]
[Black "Brameld, Arthur F"]
[Result "0-1"]
[WhiteElo "1620"]
[BlackElo "2045"]
[PlyCount "58"]
[EventDate "1975.??.??"]
[EventType "simul"]
[EventRounds "5"]

1. b3 d5 2. Bb2 Nc6 3. e3 e5 4. Bb5 Bd6 5. d4 e4 6. c4 Bd7 7. c5 Nb4 8. Bxd7+ Qxd7 9. Nc3 Nd3+ 10. Kf1 Nxb2 11. Qe2 Bxc5 12. Qxb2 Bb4 13. a4 Nf6 14. Nh3 O-O 15. Rc1 Rac8 16. Nf4 Rfd8 17. Nb5 a6 18. Nc3 Qd6 19. Qa2 c5 20. dxc5 Rxc5 21. Qa1 Rdc8 22. Na2 Rxc1+ 23. Nxc1 d4 24. Nfe2 d3 25. Nxd3 Qxd3 26. g3 Rc2 27. Kg2 Qxe2 28. Rf1 Ng4 29. Qd4 Nxe3+ 0-1

[Event "Hants Lge"]
[Site "?"]
[Date "1975.??.??"]
[Round "?"]
[White "Brameld, Arthur F"]
[Black "Denning, J."]
[Result "1-0"]
[WhiteElo "2045"]
[BlackElo "1880"]
[PlyCount "37"]
[EventDate "1975.??.??"]
[EventType "simul"]
[EventRounds "5"]

1. e4 e5 2. Nf3 Nc6 3. d4 exd4 4. c3 dxc3 5. Bc4 cxb2 6. Bxb2 Bb4+ 7. Nc3 Nf6 8. Qc2 O-O 9. O-O-O Re8 10. e5 Ng4 11. Bxf7+ Kxf7 12. Qf5+ Kg8 13. Ng5 Ne7 14. Qf7+ Kh8 15. Qh5 Nh6 16. e6 d6 17. Nd5 Nxd5 18. Qxh6 Nf6 19. Bxf6 1-0

[Event "Ports Lge"]
[Site "?"]
[Date "1975.??.??"]
[Round "?"]
[White "Stenhouse, Ian"]
[Black "Brameld, Arthur F"]
[Result "0-1"]
[WhiteElo "1910"]
[BlackElo "2045"]
[PlyCount "60"]
[EventDate "1975.??.??"]
[EventType "swiss"]

1. d4 Nf6 2. c4 e6 3. Nc3 Bb4 4. f3 d5 5. a3 Bxc3+ 6. bxc3 b6 7. Bg5 h6 8. Bh4 O-O 9. Nh3 Bb7 10. Qd2 c5 11. cxd5 exd5 12. g4 Ne4 13. Bxd8 Nxd2 14. Bh4 Nxf1 15. Kxf1 Nd7 16. g5 hxg5 17. Bxg5 Rfe8 18. Kf2 Ba6 19. e3 Rac8 20. Rac1 f6 21. Bh4 Rc6 22. Rhg1 Kf7 23. Bg3 Rec8 24. Nf4 cxd4 25. Nxd5 dxe3+ 26. Kxe3 Re8+ 27. Kd2 Re2+ 28. Kd1 Ne5 29. c4 Rb2 30. Bxe5 fxe5 0-1

[Event "FareCh"]
[Site "?"]
[Date "1975.??.??"]
[Round "?"]
[White "Brameld, Arthur F"]
[Black "Evans, Alan J"]
[Result "1-0"]
[WhiteElo "2045"]
[BlackElo "1720"]
[PlyCount "49"]
[EventDate "1975.??.??"]
[EventType "swiss"]

1. e4 c5 2. c3 Nc6 3. d4 cxd4 4. cxd4 e6 5. Nc3 d6 6. Nf3 a6 7. Bd3 Nf6 8. O-O Be7 9. Re1 Qc7 10. e5 dxe5 11. dxe5 Nd5 12. Nxd5 exd5 13. Bf4 Be6 14. Rc1 Qd7 15. Ng5 h6 16. Nxe6 Qxe6 17. Qh5 g6 18. Qd1 Bg5 19. Bxg5 hxg5 20. Be2 Rh4 21. g3 Rd4 22. Rxc6 Qxe5 23. Bd3 Qxe1+ 24. Qxe1+ Kd7 25. Rc7+ 1-0

[Event "FareCh"]
[Site "?"]
[Date "1975.??.??"]
[Round "?"]
[White "Grant, Jack"]
[Black "Brameld, Arthur F"]
[Result "0-1"]
[WhiteElo "1710"]
[BlackElo "2045"]
[PlyCount "86"]
[EventDate "1975.??.??"]
[EventType "swiss"]

1. d4 Nf6 2. c4 e6 3. Nc3 Bb4 4. e3 b6 5. Nf3 Bb7 6. a3 Bxc3+ 7. bxc3 Ne4 8. Bb2 f5 9. g3 d6 10. Bg2 Nd7 11. O-O O-O 12. Nd2 Ndf6 13. Nxe4 fxe4 14. f3 Qd7 15. Qc2 exf3 16. Bxf3 Bxf3 17. Rxf3 Qc6 18. Qe2 Ne4 19. Raf1 Ng5 20. Rxf8+ Rxf8 21. Rxf8+ Kxf8 22. Kf2 Qh1 23. Qf1 Qxh2+ 24. Qg2 Ne4+ 25. Kf3 Nd2+ 26. Kf2 Qxg2+ 27. Kxg2 Nxc4 28. Bc1 Kf7 29. Kf3 h5 30. e4 Kf6 31. Ke2 g5 32. Kd3 b5 33. a4 a6 34. axb5 axb5 35. Ke2 d5 36. Kf3 dxe4+ 37. Kxe4 c6 38. Kd3 Kf5 39. Ke2 Kg4 40. Kf2 h4 41. gxh4 gxh4 42. Bh6 Nd6 43. Ke3 Nf5+ 0-1

[Event "Ports Lge"]
[Site "?"]
[Date "1975.??.??"]
[Round "?"]
[White "Silber, Warwick"]
[Black "Brameld, Arthur F"]
[Result "0-1"]
[WhiteElo "1845"]
[BlackElo "2045"]
[PlyCount "120"]
[EventDate "1975.??.??"]
[EventType "swiss"]

1. d4 Nf6 2. Nc3 d5 3. Bg5 Nbd7 4. e3 h6 5. Bf4 e6 6. Nb5 Bb4+ 7. c3 Ba5 8. b4 Bb6 9. a4 a6 10. Na3 c6 11. Bd3 Bc7 12. Bxc7 Qxc7 13. f4 g5 14. fxg5 hxg5 15. g3 Rxh2 16. Rxh2 Qxg3+ 17. Rf2 Ng4 18. Qf3 Qxg1+ 19. Rf1 Qxe3+ 20. Qxe3 Nxe3 21. Rf3 Ng2+ 22. Kd2 Nf4 23. Rg1 f6 24. c4 Nf8 25. cxd5 exd5 26. Re1+ Be6 27. Bf5 Kf7 28. Bxe6+ N8xe6 29. Nc2 Rh8 30. Ref1 Rh2+ 31. R1f2 Rxf2+ 32. Rxf2 g4 33. Ne3 g3 34. Rf3 Nh5 35. Kc3 Nef4 36. Kd2 g2 37. Nxg2 Nxg2 38. Rh3 Kg6 39. a5 Kg5 40. Rh2 Ngf4 41. Rh1 Ne2 42. Ke3 Neg3 43. Re1 f5 44. Kf3 Ne4 45. Rg1+ Nhg3 46. Rg2 f4 47. Rh2 Nd6 48. Rh7 Ngf5 49. Rd7 Nxd4+ 50. Kg2 N4f5 51. Rd8 Kf6 52. Kf3 Ke5 53. Rh8 d4 54. Rh1 d3 55. Re1+ Ne3 56. Rxe3+ fxe3 57. Kxe3 Kd5 58. Kxd3 Ne4 59. Ke3 Kc4 60. Kxe4 Kxb4 0-1

[Event "Ports Jamb"]
[Site "?"]
[Date "1975.??.??"]
[Round "?"]
[White "Gibson, Dave"]
[Black "Brameld, Arthur F"]
[Result "0-1"]
[WhiteElo "2040"]
[BlackElo "2045"]
[PlyCount "81"]
[EventDate "1975.??.??"]
[EventType "game"]

1. e4 Nf6 2. e5 Nd5 3. c4 Nb6 4. d4 d6 5. exd6 cxd6 6. Nc3 g6 7. Be3 Bg7 8. Nf3 O-O 9. h3 Nc6 10. Qd2 e5 11. Rd1 exd4 12. Nxd4 Nxd4 13. Bxd4 Re8+ 14. Be3 Bh6 15. Be2 Bxe3 16. fxe3 Nxc4 17. Bxc4 Qh4+ 18. Qf2 Qxc4 19. Nd5 Re5 20. b3 Qb5 21. Qd2 Qc5 22. O-O Be6 23. Nf6+ Kg7 24. Rf3 Rd8 25. Qf2 Rf5 26. Ne4 Qe5 27. Rxf5 Bxf5 28. Ng3 Be6 29. Ne2 Rc8 30. Nd4 Rc3 31. Re1 Qe4 32. Qf4 Bd5 33. Qxe4 Bxe4 34. Re2 a6 35. Kf2 Kf6 36. g4 Kg5 37. Kg3 h6 38. Nf3+ Bxf3 39. Kxf3 Kh4 40. Kg2 Rd3 41. Rf2 0-1

[Event "FareCh"]
[Site "?"]
[Date "1975.??.??"]
[Round "?"]
[White "Brameld, Arthur F"]
[Black "De Buriatte, Tim"]
[Result "1-0"]
[WhiteElo "2045"]
[BlackElo "1680"]
[PlyCount "37"]
[EventDate "1975.??.??"]
[EventType "swiss"]

1. e4 c5 2. c3 e5 3. Nf3 Nc6 4. d4 cxd4 5. Bc4 dxc3 6. Nxc3 h6 7. Qb3 Qf6 8. Nd5 Qg6 9. Be3 Bd6 10. O-O Nf6 11. Nh4 Qxe4 12. Nxf6+ gxf6 13. Bxf7+ Kd8 14. Ng6 Rh7 15. Rfd1 Ne7 16. Nf8 Rg7 17. Qb6+ axb6 18. Bxb6+ Bc7 19. Ne6# 1-0

[Event "RNCC"]
[Site "?"]
[Date "1975.??.??"]
[Round "2"]
[White "Hindle, J Grant"]
[Black "Brameld, Arthur F"]
[Result "1-0"]
[WhiteElo "1630"]
[BlackElo "2150"]
[PlyCount "71"]
[EventDate "1975.??.??"]
[EventType "simul"]
[EventRounds "6"]

1. e4 c5 2. Nc3 Nc6 3. f4 e6 4. Nf3 d5 5. exd5 exd5 6. Bb5 Nf6 7. O-O Be7 8. Bxc6+ bxc6 9. d3 O-O 10. Ne2 Re8 11. Bd2 Rb8 12. b3 Bd6 13. Ng3 Qc7 14. Qc1 d4 15. Ne5 Nd5 16. Nc4 Ba6 17. Nxd6 Qxd6 18. Ne4 Rxe4 19. dxe4 Bxf1 20. Kxf1 Ne7 21. Qd1 Rd8 22. Qf3 f5 23. e5 Qd5 24. Qd3 Kh8 25. Re1 h6 26. Kg1 Kg8 27. g3 Kf7 28. e6+ Kf6 29. h3 g5 30. Re5 Qd6 31. Kg2 Rg8 32. g4 fxg4 33. Qh7 gxf4 34. Bxf4 gxh3+ 35. Kh1 Qxe5 36. Qf7# 1-0

[Event "RNCC"]
[Site "?"]
[Date "1975.??.??"]
[Round "3"]
[White "Stavely, Vic"]
[Black "Brameld, Arthur F"]
[Result "0-1"]
[WhiteElo "2680"]
[BlackElo "2150"]
[PlyCount "60"]
[EventDate "1975.??.??"]
[EventType "simul"]
[EventRounds "6"]

1. e4 Nf6 2. Nc3 d6 3. Bc4 g6 4. d3 Bg7 5. Bf4 c6 6. Qd2 b5 7. Bb3 Nbd7 8. Nf3 O-O 9. Bh6 Qb6 10. O-O Nc5 11. e5 Nxb3 12. axb3 Bxh6 13. Qxh6 Ng4 14. Qh4 f6 15. exf6 exf6 16. Rae1 Ne5 17. Ne4 Nxf3+ 18. gxf3 Qd8 19. Ng3 a5 20. Re4 Ra7 21. f4 f5 22. Qh3 fxe4 23. Qg2 Rxf4 24. Nxe4 d5 25. Ng5 Rg4 26. Qxg4 Bxg4 27. f3 Qxg5 28. fxg4 Qxg4+ 29. Kh1 Re7 30. Rg1 Qf3+ 0-1

[Event "RNCC"]
[Site "?"]
[Date "1975.??.??"]
[Round "5"]
[White "Addison, Rod"]
[Black "Brameld, Arthur F"]
[Result "0-1"]
[WhiteElo "1775"]
[BlackElo "2150"]
[PlyCount "66"]
[EventDate "1975.??.??"]
[EventType "simul"]
[EventRounds "6"]

1. d4 Nf6 2. c4 c5 3. d5 b5 4. cxb5 a6 5. bxa6 Bxa6 6. Nc3 d6 7. e4 Bxf1 8. Kxf1 g6 9. f3 Bg7 10. Nge2 O-O 11. Be3 Na6 12. Qd2 Nd7 13. Bh6 Ne5 14. Bxg7 Kxg7 15. b3 Qa5 16. f4 Nd7 17. g4 Qb4 18. g5 f5 19. Qb2 Rab8 20. h4 fxe4 21. Nxe4+ Ne5 22. N4g3 Kg8 23. Rd1 Rxf4+ 24. Nxf4 Qxf4+ 25. Qf2 Qg4 26. Ke1 Rf8 27. Qxf8+ Kxf8 28. Rf1+ Ke8 29. Ne2 Nf3+ 30. Kf2 Nh2 31. Rg1 Qxh4+ 32. Kg2 Ng4 33. Rdf1 Ne3+ 0-1

[Event "RNCC"]
[Site "?"]
[Date "1975.??.??"]
[Round "6"]
[White "Brameld, Arthur F"]
[Black "Street, Martin"]
[Result "1-0"]
[WhiteElo "2150"]
[BlackElo "1740"]
[PlyCount "85"]
[EventDate "1975.??.??"]
[EventType "simul"]
[EventRounds "6"]

1. e4 e6 2. d4 d5 3. Nd2 c5 4. exd5 exd5 5. Bb5+ Nc6 6. Qe2+ Be7 7. dxc5 Nf6 8. Nb3 O-O 9. Be3 Re8 10. Nf3 Ne4 11. O-O Nxc5 12. Rfe1 Nxb3 13. axb3 Bc5 14. Qd2 Bxe3 15. Rxe3 Be6 16. Nd4 Qb6 17. Nxe6 fxe6 18. Bxc6 Qxc6 19. c3 Re7 20. Qd4 b6 21. Rae1 Rae8 22. Re5 Qc5 23. Qg4 Qd6 24. h4 Rf8 25. Rxe6 Rxe6 26. Qxe6+ Qxe6 27. Rxe6 Rf4 28. g3 Re4 29. Rxe4 dxe4 30. Kf1 Kf7 31. Ke2 Ke6 32. Ke3 Ke5 33. b4 h5 34. c4 a6 35. b3 a5 36. c5 axb4 37. cxb6 Kd6 38. Kxe4 Kc6 39. b7 Kxb7 40. Kd4 Kb6 41. Kc4 Ka5 42. f3 g6 43. Kc5 1-0

[Event "RNCC"]
[Site "?"]
[Date "1975.??.??"]
[Round "7"]
[White "Schreiber, Ian"]
[Black "Brameld, Arthur F"]
[Result "0-1"]
[WhiteElo "1640"]
[BlackElo "2150"]
[PlyCount "106"]
[EventDate "1975.??.??"]
[EventType "simul"]
[EventRounds "6"]

1. Nf3 g6 2. c3 Bg7 3. d4 d6 4. Bf4 c6 5. e3 Nf6 6. h3 Qb6 7. Qb3 Qxb3 8. axb3 Bf5 9. Nbd2 Nbd7 10. Bc4 b5 11. Be2 a5 12. Nh4 Be6 13. O-O O-O 14. Bd3 Nb6 15. Bc2 Rfc8 16. Nhf3 c5 17. dxc5 dxc5 18. Ne5 Nfd5 19. Bg3 f6 20. Nef3 Nd7 21. Be4 f5 22. Bxd5 Bxd5 23. Rfc1 e5 24. Ne1 e4 25. Rc2 Ne5 26. Bxe5 Bxe5 27. c4 bxc4 28. bxc4 Bf7 29. Ra3 a4 30. f3 Bg3 31. Rc1 Rd8 32. Nf1 Bxe1 33. Rxe1 exf3 34. gxf3 Bxc4 35. Rc1 Bxf1 36. Kxf1 Rd2 37. b3 Rd3 38. Rca1 Rxe3 39. bxa4 Rxa3 40. Rxa3 Ra5 41. Ke2 Kf7 42. f4 Ke6 43. Kd3 Kd5 44. h4 c4+ 45. Ke3 Kc5 46. Ra2 c3 47. Kd3 Kb4 48. Kc2 Rd5 49. a5 Rd2+ 50. Kb1 Kb3 51. Ra3+ Kxa3 52. a6 Kb3 53. Kc1 Ra2 0-1

[Event "Social"]
[Site "?"]
[Date "1975.??.??"]
[Round "?"]
[White "Dean, Stuart"]
[Black "Brameld, Arthur F"]
[Result "1-0"]
[WhiteElo "1895"]
[BlackElo "2150"]
[PlyCount "65"]
[EventDate "1975.??.??"]
[EventType "game"]

1. e4 Nf6 2. e5 Nd5 3. d4 d6 4. Nf3 g6 5. Be2 Bg7 6. c4 Nb6 7. Nc3 O-O 8. O-O Bf5 9. Be3 Nc6 10. exd6 cxd6 11. Rc1 e5 12. dxe5 Nxe5 13. Nxe5 Bxe5 14. f4 Bg7 15. b3 Re8 16. Bd4 Bxd4+ 17. Qxd4 d5 18. c5 Nc8 19. Nxd5 Re6 20. Bc4 b6 21. Rfd1 bxc5 22. Qxc5 Nd6 23. Nc7 Rc8 24. Bxe6 Bxe6 25. Qxd6 Qh4 26. Nxe6 Re8 27. Ng5 h6 28. Qd7 Rf8 29. Ne6 Rb8 30. Rc8+ Rxc8 31. Qxc8+ Kh7 32. Qf8 Qf6 33. Qg7+ 1-0

[Event "Kriegsp."]
[Site "?"]
[Date "1975.??.??"]
[Round "?"]
[White "Brameld, Arthur F"]
[Black "Silber, Warwick"]
[Result "1-0"]
[WhiteElo "2150"]
[BlackElo "1885"]
[PlyCount "79"]
[EventDate "1975.??.??"]
[EventType "simul"]
[EventRounds "2"]

1. e4 d5 2. e5 c5 3. d4 e6 4. Be3 Ne7 5. b4 cxd4 6. Bxd4 Nec6 7. Bb6 axb6 8. b5 Qc7 9. bxc6 Nxc6 10. f4 Bb4+ 11. c3 Nd4 12. cxb4 Rxa2 13. Rxa2 O-O 14. Rb2 Qc3+ 15. Nxc3 Bd7 16. Nb1 Nc6 17. Nf3 h6 18. b5 f6 19. bxc6 bxc6 20. Bd3 f5 21. O-O g5 22. Ne1 gxf4 23. Rxf4 Kf7 24. Rbf2 Rg8 25. Qf3 b5 26. g4 h5 27. Bxf5 exf5 28. Rxf5+ Bxf5 29. Qxf5+ Ke7 30. Qf7+ Kd8 31. e6 Kc8 32. e7 Rd8 33. e8=Q hxg4 34. Rf6 Rxe8 35. Qxe8+ Kb7 36. Qe7+ Kb6 37. Rf8 b4 38. Rb8+ Ka5 39. Qxb4+ Ka6 40. Qa3# 1-0